ბათუმის შოთა რუსთაველის სახელმწიფო უნივერსიტეტის ბიბლიოთეკა

ს. ჯანაშიას სახ. საქართველოს სახელმწიფო მუზეუმის მოამბე XXXVII-В. (ბიბ.ჩანაწერი № 37804)

000 -LEADER
fixed length control field 00904nam a2200217Ia 4500
001 - CONTROL NUMBER
control field 3781
003 - CONTROL NUMBER IDENTIFIER
control field GE_BSU
008 - FIXED-LENGTH DATA ELEMENTS--GENERAL INFORMATION
fixed length control field 181216s||||||||xx |||||||||||||| ||und||
040 ## - CATALOGING SOURCE
Transcribing agency GE_BSU
080 ## - UNIVERSAL DECIMAL CLASSIFICATION NUMBER
Universal Decimal Classification number 069(479.22)
245 ## - TITLE STATEMENT
Title ს. ჯანაშიას სახ. საქართველოს სახელმწიფო მუზეუმის მოამბე XXXVII-В.
245 ## - TITLE STATEMENT
Remainder of title Вестник госуд. музея Грузии им. акад. С.Н. Джанашиа XXXVII-В.
245 ## - TITLE STATEMENT
Statement of responsibility, etc. რედ. ლ. ჭილაშვილი.
260 ## - PUBLICATION, DISTRIBUTION, ETC.
Place of publication, distribution, etc. თბილისი
260 ## - PUBLICATION, DISTRIBUTION, ETC.
Name of publisher, distributor, etc. მეცნიერება
260 ## - PUBLICATION, DISTRIBUTION, ETC.
Date of publication, distribution, etc. 1984
300 ## - PHYSICAL DESCRIPTION
Extent 178 გვ. 25 სმ.
653 ## - INDEX TERM--UNCONTROLLED
Uncontrolled term ს. ჯანაშიას სახ. საქართველოს სახელმწიფო მუზეუმის მოამბე
942 ## - ADDED ENTRY ELEMENTS (KOHA)
Koha item type წიგნი
ეგზემპლარები
Withdrawn status Lost status Damaged status Not for loan Date acquired Barcode Date last seen Price effective from Koha item type Public note
        2018-12-17 5342 2018-12-17 2018-12-17 წიგნი დარბაზი
        2018-12-17 5343 2018-12-17 2018-12-17 წიგნი დარბაზი